LDR 00874naa#a2200181#i#450# 001 RU\\bibl\115186 005 20260514003201.4 011 ## _a3034-6703 100 ## _a20260331b2026####ek#y0rusy0150####ca 102 ## _aRU 200 1# _aТри стадии площадного роста океанического дна и грависейсмическая концепция тектоники плит _eЖурнальная статья 210 1# _aМосква _cАссоциация геологов, геофизиков и инженеров _d2026 215 ## _a6 с. 608 ## _aЖурнальная статья _2local 675 ## _aГеология. Геологические и геофизические науки. 55 _z 700 #1 _aГлебов _gАлексей Федорович 700 #1 _aНиколаев _gДмитрий Анатольевич 856 4# _aagge-vestnik.ru _u